000
00325 a2200157 4500
001
150890
040
_c
Escola São Tomás de Aquino
100
_a
SOFIA, Norma
240
1
0
_a
Elê... O quê?
_l
por
245
1
0
_a
Elê... O quê?
300
_a
22
362
0
_a
2013
440
1
_a
Lê
697
_a
Psicologia
942
_c
BK
999
_c
150890
_d
150890